<?xml version="1.0" encoding="UTF-8"?>
<record
    xmlns:xsi="http://www.w3.org/2001/XMLSchema-instance"
    xsi:schemaLocation="http://www.loc.gov/MARC21/slim http://www.loc.gov/standards/marcxml/schema/MARC21slim.xsd"
    xmlns="http://www.loc.gov/MARC21/slim">

  <leader>01087nam a22002055i 4500</leader>
  <controlfield tag="001">166768</controlfield>
  <controlfield tag="003">ES-MaACL</controlfield>
  <controlfield tag="005">20250825231623.0</controlfield>
  <controlfield tag="008">981002s1876    sp           |||| | spa d</controlfield>
  <datafield tag="040" ind1=" " ind2=" ">
    <subfield code="a">CLM </subfield>
    <subfield code="b">spa </subfield>
    <subfield code="c">CCPB | 3D</subfield>
  </datafield>
  <datafield tag="100" ind1="0" ind2=" ">
    <subfield code="a">Laurenc&#xED;n, Francisco Rafael de Uhag&#xF3;n </subfield>
    <subfield code="c">Marqu&#xE9;s de.</subfield>
    <subfield code="9">70617</subfield>
  </datafield>
  <datafield tag="245" ind1="1" ind2="0">
    <subfield code="a">Memoria laureada con el acc&#xE9;sit por la Real Academia de Ciencias Morales y Pol&#xED;ticas en el concurso ordinario de 1873 sobre la influencia que la acumulacion &#xF3; divisi&#xF3;n excesiva de la propiedad territorial ejercen en la prosperidad &#xF3; decadencia de la agricultura en Espa&#xF1;a / </subfield>
    <subfield code="c">por Francisco de Uhagon y Guardamino.</subfield>
  </datafield>
  <datafield tag="260" ind1=" " ind2=" ">
    <subfield code="a">Madrid : </subfield>
    <subfield code="b">Imprenta y Librer&#xED;a de Eduardo Martinez (sucesor de Escribano),</subfield>
    <subfield code="c">1876.</subfield>
  </datafield>
  <datafield tag="300" ind1=" " ind2=" ">
    <subfield code="a">94 p. ; </subfield>
    <subfield code="c">25 cm.</subfield>
  </datafield>
  <datafield tag="597" ind1=" " ind2=" ">
    <subfield code="a">Antep.</subfield>
  </datafield>
  <datafield tag="650" ind1=" " ind2="7">
    <subfield code="a">Propiedad r&#xFA;stica</subfield>
    <subfield code="2">embne</subfield>
    <subfield code="9">136780</subfield>
  </datafield>
  <datafield tag="710" ind1="2" ind2=" ">
    <subfield code="a">Real Academia de Ciencias Morales y Pol&#xED;ticas (Espa&#xF1;a)</subfield>
    <subfield code="9">222050</subfield>
  </datafield>
  <datafield tag="852" ind1=" " ind2=" ">
    <subfield code="a">ES-MaACL</subfield>
    <subfield code="j">F-M-III-O (III) </subfield>
    <subfield code="z">-- Enc. pasta espa&#xF1;ola </subfield>
    <subfield code="q">-- Falto de la cub. original </subfield>
    <subfield code="z">-- Enc. en un vol. facticio</subfield>
  </datafield>
  <datafield tag="999" ind1=" " ind2=" ">
    <subfield code="c">166768</subfield>
    <subfield code="d">166768</subfield>
  </datafield>
  <datafield tag="952" ind1=" " ind2=" ">
    <subfield code="0">0</subfield>
    <subfield code="1">0</subfield>
    <subfield code="4">0</subfield>
    <subfield code="7">0</subfield>
    <subfield code="8">LIBXIX</subfield>
    <subfield code="a">ATENEOM</subfield>
    <subfield code="b">ATENEOM</subfield>
    <subfield code="c">ADM</subfield>
    <subfield code="d">2008-01-17</subfield>
    <subfield code="e">SSC</subfield>
    <subfield code="l">0</subfield>
    <subfield code="o">F-M-III-O (III)</subfield>
    <subfield code="p">1174905</subfield>
    <subfield code="r">2023-02-23 00:00:00</subfield>
    <subfield code="w">2023-02-23</subfield>
    <subfield code="y">MONANT</subfield>
  </datafield>
</record>
